000
00229nam a22000857a 4500
008
160827b xxu||||| |||| 00| 0 eng d
100
_9
247
_a
Rangarajan R
245
_a
Together with Science-X
260
_a
New Delhi
_b
R.S publication
_c
2009
999
_c
2903
_d
2903